| 000 | 00565nam a2200229Ia 4500 | ||
|---|---|---|---|
| 008 | 170918s9999 xx 000 0 und d | ||
| 020 | _a9780545405461 | ||
| 050 | _bB879 2011 | ||
| 100 | _aBrown, Richard C. | ||
| 245 | _aWorldwide adventures : | ||
| 245 | _bthe flying Chinese wonders / | ||
| 245 | _cJeff Brown and Josh Greenhut. | ||
| 260 | _aNew York : | ||
| 260 | _bScholastic, | ||
| 260 | _c2011 | ||
| 300 | _a81 pages : | ||
| 300 | _bcolored illustration ; | ||
| 300 | _c19cm. | ||
| 440 | _aFlat Stanley's ; | ||
| 440 | _v7 | ||
| 500 | _a670 | ||
| 999 |
_c341880 _d341880 |
||